La increíble máquina humana /

Un recorrido por el funcionamiento del cuerpo humano. La Increíble máquina humana revela las funciones complejas que permiten al hombre ver, oír pensar, mover y sanar.

Guardado en:
Autor Corporativo: National Geographic.
Formato: Deslizar
Publicado: Estados Unidos, 2007.
Materias:
Etiquetas: Agregar Etiqueta
Sin Etiquetas, Sea el primero en etiquetar este registro!
LEADER 00914ngm a22002535g 4500
001 CEM.cems022995
008 130507s2007##################0###0#####d
005 20241128192609.0
245 1 0 |a La increíble máquina humana /  |c National Geographic. 
260 |a Estados Unidos,  |c 2007. 
300 |a 93'. 
500 |a Consultar en ventanilla. 
520 |a Un recorrido por el funcionamiento del cuerpo humano. La Increíble máquina humana revela las funciones complejas que permiten al hombre ver, oír pensar, mover y sanar. 
538 |a Soporte: DVD - Color: Si - Grabación DRD 
590 |a Identificación SIABUC: DVD Nº 29 
110 2 |a National Geographic. 
082 6 1 |/ NAT 
653 |a BIOLOGIA 
653 |a ANATOMIA 
653 |a ANATOMIA HUMANA 
653 |a CUERPO HUMANO 
653 |a SISTEMAS 
653 |a DOCUMENTAL 
859 |a CEMS  |b BIB. CEMS - Depto. Recursos Didacticos  |h 611  |i NAT  |k DRD  |p 1638.12  |t Ej.1